| 000 | 00609cam a2200181 4500 | ||
|---|---|---|---|
| 001 | WB3543-30 | ||
| 008 | 000000n1999 000 0 eng u | ||
| 035 | _a(Sirsi) u101540 | ||
| 245 | _aRICS appoints Research Foundation chief | ||
| 260 | _c1999 | ||
| 490 |
_aRICS Press Release _v(248) 4 November 1999 (2) |
||
| 520 | _aThe RICS has appointed David Fitzpatrick as executive director of its Research Foundation. | ||
| 590 | _aWB | ||
| 650 | _aRICS | ||
| 650 | _aABOUT RICS-RELATED ORGANISATIONS-RICS RESEARCH FOUNDATION | ||
| 690 | _aMANAGEMENT-BUSINESS MANAGEMENT-PROFESSIONAL PRACTICE | ||
| 942 | _n0 | ||
| 999 |
_c60672 _d60672 |
||